Staying in place: Federalism and the political economy of place attachment (Record no. 518019)

000 -LEADER
fixed length control field 01492nam a22001457a 4500
008 - FIXED-LENGTH DATA ELEMENTS--GENERAL INFORMATION
fixed length control field 210810b ||||| |||| 00| 0 eng d
100 ## - MAIN ENTRY--PERSONAL NAME
Personal name Jacobs, Nicholas F. and Munis, B.K.
245 ## - TITLE STATEMENT
Title Staying in place: Federalism and the political economy of place attachment
260 ## - PUBLICATION, DISTRIBUTION, ETC. (IMPRINT)
Place of publication, distribution, etc Publius: The Journal of Federalism
300 ## - PHYSICAL DESCRIPTION
Extent 50(4), Fall, 2020: p.544-565
520 ## - SUMMARY, ETC.
Summary, etc A growing number of scholars have documented how social identities defined by an attachment to place influence individuals’ understandings about political power and representation. Drawing on this theoretical framework, we explore how place-based identities matter for American federalism by documenting how attachments to the American states alter individuals’ decisions to leave, or exit, as well as to welcome newcomers into their local communities. Using a set of conjoint experiments designed to measure individual attitudes about place, politics, and America’s federal polity, we find evidence that Americans hold deep and consequential attitudes about the places in which they live. Our evidence confirms that state identities are still highly relevant in shaping American federalism and the competitive pressures between intergovernmental jurisdictions. While federalism may encourage individuals to leave, federalism also nourishes place-specific attachments, motivating people to stay. – Reproduced
773 ## - HOST ITEM ENTRY
Main entry heading Publius: The Journal of Federalism
906 ## - LOCAL DATA ELEMENT F, LDF (RLIN)
Subject DIP FEDERALISM
942 ## - ADDED ENTRY ELEMENTS (KOHA)
Item type Articles
Holdings
Withdrawn status Lost status Source of classification or shelving scheme Damaged status Not for loan Permanent location Current location Date acquired Serial Enumeration / chronology Barcode Date last seen Koha item type
          Indian Institute of Public Administration Indian Institute of Public Administration 2021-08-10 50(4), Fall, 2020: p.544-565 AR125224 2021-08-10 Articles

Powered by Koha